| 000 | 00000nas 2200000za 4500 |
| 001 | 9.852068 |
| 003 | CaOODSP |
| 005 | 20221107154512 |
| 007 | cr ||||||||||| |
| 008 | 180219d19511959oncar p oss f0###a0eng|d |
| 022 | |y0700-0685 |
| 040 | |aCaOODSP|beng |
| 043 | |an-cn--- |
| 086 | 1 |aCS34-209E-PDF |
| 245 | 04|aThe wool textile industries |h[electronic resource]. |
| 260 | |a[Ottawa] : |bDominion Bureau of Statistics, Industry and Merchandising Division, General Manufactures Section, |c[1953]-1961. |
| 310 | |aAnnual |
| 362 | 0 |a1951-1959. |
| 500 | |aDigitized edition from print [produced by Statistics Canada]. |
| 515 | |aIssues for 1951-1953 called also v. 2, pt. 7-D-1; 1954-1957 called also v. 2, pt. 7-C-1. |
| 550 | |aIssued 1953-1956 by Textiles and Miscellaneous Products Section; 1957-1959 by Industry and Merchandising Division. |
| 692 | 07|2gccst|aTextile industry |
| 710 | 1 |aCanada. |bDominion Bureau of Statistics. |bGeneral Manufactures Section. |
| 710 | 1 |aCanada.|bDominion Bureau of Statistics.|bTextiles and Miscellaneous Products Section. |
| 710 | 1 |aCanada. |bDominion Bureau of Statistics. |bIndustry and Merchandising Division. |
| 780 | 00|tThe woollen textile industries |w(CaOODSP)9.852067 |
| 785 | 00|tWoollen mills |w(CaOODSP)9.852074 |
| 785 | 00|tFibre preparing mills |w(CaOODSP)9.852635 |